Actividades de investigación en la clase de ciencias / (Record no. 96697)

MARC details
000 -CABECERA
campo de control de longitud fija 00780nam a2200241 a 4500
005 - FECHA Y HORA DE LA ÚLTIMA TRANSACCIÓN
campo de control 20241121063755.0
008 - ELEMENTOS DE LONGITUD FIJA--INFORMACIÓN GENERAL
campo de control de longitud fija 030522s1999 mx r 000 0 spa d
020 ## - NÚMERO INTERNACIONAL NORMALIZADO PARA LIBROS
Número Internacional Estándar del Libro 8487118690
035 ## - NÚMERO DE CONTROL DEL SISTEMA
Número de control de sistema UPN01000124518
049 ## - COLECCIÓN
Colección CG
050 #4 - SIGNATURA TOPOGRÁFICA DE LA BIBLIOTECA DEL CONGRESO
Número de clasificación QC32
Número de documento/Ítem S4.2 1999
100 1# - ASIENTO PRINCIPAL--NOMBRE PERSONAL
Nombre de persona Segura, Dino de J.
245 10 - MENCIÓN DE TÍTULO
Título Actividades de investigación en la clase de ciencias /
Mención de responsabilidad, etc. Dino de J. Segura, Adela Molina, Rosa I. Pedreros.
250 ## - MENCIÓN DE EDICIÓN
Mención de edición 2a ed.
260 ## - PUBLICACIÓN, DISTRIBUCIÓN, ETC.
Lugar de publicación, distribución, etc. Barcelona, Esp. :
Nombre del editor, distribuidor, etc. Díada,
Fecha de publicación, distribución, etc. 1999.
300 ## - DESCRIPCIÓN FÍSICA
Extensión 89 p.
440 #0 - MENCIÓN DE SERIE/ASIENTO SECUNDARIO--TÍTULO
Título Investigación y enseñanza.
Nombre de parte o sección de la obra Práctica ;
Designación de volumen o secuencia 14
650 #4 - ASIENTO SECUNDARIO DE MATERIA - TERMINO TEMATICO
Término de materia o nombre geográfico como elemento de entrada FISICA -
Subdivisión de forma PROBLEMAS, EJERCICIOS, ETC.
9 (RLIN) 20820
650 #4 - ASIENTO SECUNDARIO DE MATERIA - TERMINO TEMATICO
Término de materia o nombre geográfico como elemento de entrada Física
Subdivisión general Estudio y enseñanza
9 (RLIN) 12270
700 1# - ASIENTO SECUNDARIO--NOMBRE DE PERSONAL
Nombre de persona Molina, Adela,
Término indicativo de función/relación coaut.
700 1# - ASIENTO SECUNDARIO--NOMBRE DE PERSONAL
Nombre de persona Pedreros, Rosa I.,
Término indicativo de función/relación coaut.
905 ## - TIPO DE MATERIAL
Tipo de material Libro
Holdings
Estado de retiro Estado de pérdida Fuente del sistema de clasificación o colocación Estado dañado No para préstamo Código de colección Localización permanente Ubicación/localización actual Ubicación en estantería Total de préstamos Clasificación Código de barras Fecha visto por última vez Número de copia Tipo de ítem Koha
    Library of Congress Classification     Colección General Bib. Gregorio Torres Quintero Bib. Gregorio Torres Quintero Planta baja   QC32 S4.2 1999 216631 31/12/2020 1 Libro
    Library of Congress Classification     Colección General Bib. Gregorio Torres Quintero Bib. Gregorio Torres Quintero Planta baja   QC32 S4.2 1999 214815 31/12/2020 1 Libro
    Library of Congress Classification     Colección General Bib. Gregorio Torres Quintero Bib. Gregorio Torres Quintero Planta baja 3 QC32 S4.2 1999 206182 31/12/2020 1 Libro
    Library of Congress Classification     Colección General Bib. Gregorio Torres Quintero Bib. Gregorio Torres Quintero Planta baja 1 QC32 S4.1999 203918 31/12/2020 1 Libro
    Library of Congress Classification     Colección General Bib. Gregorio Torres Quintero Bib. Gregorio Torres Quintero Planta baja 2 QC32 S4.1999 202494 31/12/2020 1 Libro